| 000 | 00381 a2200109 4500 | ||
|---|---|---|---|
| 001 | ART_19555 | ||
| 005 | 20260410161721.0 | ||
| 008 | 260409a | ||
| 245 | 1 | 0 | _aAlgunas consideraciones en la investigación contable a lo largo de la historia. |
| 100 | 1 | _aD´Onofrio, Paula Alejandra | |
| 773 | 0 |
_tContabilidad y auditoría _g- Año 19, Nº 37 (jun.2013) _wREV1723 |
|
| 999 |
_c16960 _d16960 |
||